Effects of different hormones in seed production of trichogaster pectoralis, ប្រសិទ្ធភាពនៃអ័រម៉ូនផ្សេងគ្នាក្នុង​ការផលិតកូនត្រីកន្ធរពូជ (Record no. 3844)

000 -LEADER
fixed length control field 00606nam a22001577a 4500
003 - CONTROL NUMBER IDENTIFIER
control field OSt
005 - DATE AND TIME OF LATEST TRANSACTION
control field 20151202133633.0
008 - FIXED-LENGTH DATA ELEMENTS--GENERAL INFORMATION
fixed length control field 151202b xxu||||| |||| 00| 0 eng d
040 ## - CATALOGING SOURCE
Transcribing agency RUA
082 ## - DEWEY DECIMAL CLASSIFICATION NUMBER
Classification number FIS PEN 2001 B173 Or.1
100 ## - MAIN ENTRY--PERSONAL NAME
9 (RLIN) 4131
Personal name PEN, THANN.
245 ## - TITLE STATEMENT
Title Effects of different hormones in seed production of trichogaster pectoralis, ប្រសិទ្ធភាពនៃអ័រម៉ូនផ្សេងគ្នាក្នុង​ការផលិតកូនត្រីកន្ធរពូជ
260 ## - PUBLICATION, DISTRIBUTION, ETC. (IMPRINT)
Place of publication, distribution, etc. Phnom Penh
Name of publisher, distributor, etc. RUA
Date of publication, distribution, etc. 2001
300 ## - PHYSICAL DESCRIPTION
Extent 31p.
Other physical details ill.
Dimensions 29cm.
942 ## - ADDED ENTRY ELEMENTS (KOHA)
Source of classification or shelving scheme
Koha item type FIS
Holdings
Price effective from Date last seen Permanent Location Not for loan Date acquired Source of classification or shelving scheme Koha item type Lost status Withdrawn status Date last checked out Total Checkouts Shelving location Damaged status Barcode Current Location Full call number
2015-12-022026-02-11Library Block B 2015-12-02 FIS  2026-01-121B173 RUA010513Library Block BFIS PEN 2001 B173 Or.1
2015-12-022015-12-02Library Block B 2015-12-02 FIS    B173 RUA010382Library Block BFIS PEN 2001 B173 Or.2
2015-12-022015-12-02Library Block B 2015-12-02 FIS    B173 RUA010089Library Block BFIS PEN 2001 B173 Or.3
2015-12-022015-12-02Library Block B 2015-12-02 FIS    B173 RUA010017Library Block BFIS PEN 2001 B173 Or.4
2015-12-022015-12-02Library Block B 2015-12-02 FIS    B173 RUA010018Library Block BFIS PEN 2001 B173 Or.5
2015-12-022021-11-12Library Block B 2015-12-02 FIS  2021-10-271B173 RUA027627Library Block BFIS PEN 2001 B173 Or.1
មជ្ឈមណ្ឌលឯការនៃសាកលវិទ្យាល័យភូមិន្ទកសិកម្មចំការដូង

Powered by Koha